000 00483nam a22001457a 4500
003 MACL
005 20151101142120.0
008 151101b xxu||||| |||| 00| 0 eng d
040 _cMACL
041 _aHindi
100 _aअरिहन्‍त
_991
245 _aIAS (Pre) हल प्रश्‍न - पत्र सामान्‍य अध्‍ययन
260 _aमेरठ
_bअरिहन्‍त पब्लिकेशन्‍स
_c2015
942 _2ddc
_cHIN
999 _c50497
_d50497